[Event "POL-chT3 Dolnoslaskie 1415"]
[Site "Poland"]
[Date "2014.10.26"]
[Round "1.21"]
[White "Laszewicz, Pawel"]
[Black "Kanicki, Krzysztof"]
[Result "1-0"]
[WhiteElo "2123"]
[BlackElo "2032"]
[PlyCount "83"]
[EventDate "2014.10.26"]
[EventType "team-tourn"]
[EventRounds "11"]
[EventCountry "POL"]
[SourceTitle "OM OTB B 201907"]
[Source "Opening Master"]
[SourceDate "2019.07.06"]
[SourceVersion "2"]
[SourceVersionDate "2019.07.06"]
[SourceQuality "1"]

1. e4 c5 2. Nf3 Nc6 3. d4 cxd4 4. Nxd4 Nf6 5. Nc3 d6 6. Be2 e5 7. Nf3 h6 8. O-O
Be7 9. Re1 O-O 10. Bc4 Be6 11. Nd5 Rc8 12. b3 Bxd5 13. exd5 Nb8 14. a4 Nbd7 15.
a5 Nh7 16. Bb2 Kh8 17. Qe2 Re8 18. a6 b6 19. Bb5 f5 20. c4 Rc7 21. Bc6 Ng5 22.
Nd2 Bf8 23. f4 Nf7 24. Nf3 Rxc6 25. dxc6 Nc5 26. fxe5 dxe5 27. Rad1 Qc8 28. b4
Ne4 29. b5 Bc5+ 30. Kf1 Bb4 31. Rd7 Bxe1 32. Rxf7 Bc3 33. Bxc3 Nxc3 34. Qd2 Ne4
35. Qd7 Nc5 36. Qxc8 Rxc8 37. Nxe5 Kg8 38. Rxa7 Re8 39. Nf3 g5 40. Rb7 g4 41.
a7 Nd3 42. Rb8 1-0

[Event "Deizisau op 9th"]
[Site "Deizisau"]
[Date "2014.10.25"]
[Round "2"]
[White "De Silva, Joel Niels"]
[Black "Gschnitzer, Oswald"]
[Result "0-1"]
[WhiteElo "2023"]
[BlackElo "2389"]
[PlyCount "60"]
[EventDate "2014.10.24"]
[EventType "swiss"]
[EventRounds "7"]
[EventCountry "GER"]
[SourceTitle "OM OTB B 201907"]
[Source "Opening Master"]
[SourceDate "2019.07.06"]
[SourceVersion "2"]
[SourceVersionDate "2019.07.06"]
[SourceQuality "1"]

1. e4 c5 2. Nf3 Nc6 3. d4 cxd4 4. Nxd4 Nf6 5. Nc3 d6 6. Be2 e5 7. Nb3 Be7 8.
Be3 O-O 9. Qd2 a5 10. a3 a4 11. Nc1 Nxe4 12. Nxe4 d5 13. Ng3 d4 14. Bh6 gxh6
15. Qxh6 Kh8 16. O-O f5 17. Bc4 Bg5 18. Qh5 e4 19. Nce2 Ne5 20. Ba2 d3 21. cxd3
Nxd3 22. Rab1 Ra6 23. Nc3 e3 24. fxe3 Bxe3+ 25. Kh1 Rh6 26. Qxh6 Bxh6 27. Rbd1
Qd4 28. Nge2 Qe3 29. Rf3 Nf2+ 30. Kg1 Nxd1+ 0-1

[Event "Chigorin Memorial 22nd"]
[Site "St Petersburg"]
[Date "2014.10.23"]
[Round "6"]
[White "Smirnov, Timofey"]
[Black "Nazaretyan, Tigran"]
[Result "0-1"]
[WhiteElo "2419"]
[BlackElo "2168"]
[PlyCount "168"]
[EventDate "2014.10.18"]
[EventType "swiss"]
[EventRounds "9"]
[EventCountry "RUS"]
[SourceTitle "OM OTB B 201907"]
[Source "Opening Master"]
[SourceDate "2019.07.06"]
[SourceVersion "2"]
[SourceVersionDate "2019.07.06"]
[SourceQuality "1"]

1. e4 c5 2. Nf3 Nc6 3. d4 cxd4 4. Nxd4 Nf6 5. Nc3 d6 6. Be2 e5 7. Nf3 h6 8. O-O
Be7 9. Re1 O-O 10. Bf1 Bg4 11. h3 Bh5 12. Be3 Qc7 13. a3 a6 14. Be2 b5 15. Qd3
Na5 16. Nh4 Nc4 17. Bc1 Bxe2 18. Rxe2 Rfc8 19. Nf5 Bf8 20. Qf3 Qd8 21. b3 Nb6
22. Bb2 Rc5 23. Rd1 g6 24. Ne3 Rac8 25. Rd3 Kg7 26. Red2 R8c7 27. Ne2 Qe8 28.
Ng3 R5c6 29. Qd1 Nbd7 30. f3 Nc5 31. Rxd6 Bxd6 32. Rxd6 Nb7 33. Rxc6 Rxc6 34.
Nd5 Nd7 35. f4 Nbc5 36. Qg4 Kh7 37. fxe5 Nxe5 38. Qf4 Ned7 39. h4 Ne6 40. Qf2
Nc7 41. Qd4 f6 42. Nb4 Re6 43. c4 bxc4 44. Qxc4 Qb8 45. Bd4 Ne5 46. Bxe5 fxe5
47. h5 Qb6+ 48. Kh2 a5 49. Nd5 Nxd5 50. Qxd5 Re7 51. b4 axb4 52. axb4 Qe6 53.
hxg6+ Qxg6 54. Nf5 Qh5+ 55. Kg1 Rc7 56. Qxe5 Rc1+ 57. Kf2 Rc2+ 58. Kg1 Rc1+ 59.
Kf2 Rc2+ 60. Kg1 Qg5 61. Qe7+ Qxe7 62. Nxe7 Re2 63. Nd5 Kg7 64. b5 Rxe4 65. b6
Rd4 66. b7 Rd1+ 67. Kh2 Rb1 68. Nf4 Rxb7 69. Ne6+ Kf6 70. Nd4 Ke5 71. Nf3+ Kf4
72. Kh3 Rb5 73. Nh4 Ke3 74. g3 Kf2 75. g4 Rb1 76. Kh2 Rb4 77. Kh3 Rb3+ 78. Kh2
Rg3 79. Nf5 Rxg4 80. Kh3 Rg5 81. Ne7 Kf3 82. Kh4 Rg1 83. Kh5 Rh1+ 84. Kg6 h5
0-1

[Event "Reunion op 16th"]
[Site "St Denis"]
[Date "2014.10.22"]
[Round "5"]
[White "Fontaine, Cedric"]
[Black "Roos, Louise"]
[Result "0-1"]
[WhiteElo "1642"]
[BlackElo "1914"]
[PlyCount "84"]
[EventDate "2014.10.18"]
[EventType "swiss"]
[EventRounds "9"]
[EventCountry "RUF"]
[SourceTitle "OM OTB B 201907"]
[Source "Opening Master"]
[SourceDate "2019.07.06"]
[SourceVersion "2"]
[SourceVersionDate "2019.07.06"]
[SourceQuality "1"]

1. e4 c5 2. Nf3 d6 3. d4 cxd4 4. Nxd4 Nf6 5. Nc3 Nc6 6. Be2 e5 7. Nf3 Be7 8. h3
O-O 9. Be3 Be6 10. O-O d5 11. Nxd5 Nxd5 12. exd5 Bxd5 13. c4 Be4 14. a3 Qc7 15.
b4 Rfd8 16. Qb3 a5 17. bxa5 Nxa5 18. Qb6 Rdc8 19. Qxc7 Rxc7 20. Nxe5 f6 21. Nf3
Nb3 22. Bf4 Rcc8 23. Rad1 Bxa3 24. Nd2 Bc2 25. Nxb3 Bxb3 26. Rb1 Bxc4 27. Bxc4+
Rxc4 28. Bg3 Bb4 29. Rfd1 Rac8 30. Kh2 b6 31. Rd7 Re8 32. Bd6 Ba5 33. Rb7 Rd8
34. Bc7 Rd2 35. Re1 Rd7 36. Rb8+ Kf7 37. Bxb6 Bxe1 38. Be3 Rc2 39. Kg3 h5 40.
Rh8 Kg6 41. h4 Rdc7 42. Ra8 R7c4 0-1

[Event "Chigorin Memorial 22nd"]
[Site "St Petersburg"]
[Date "2014.10.22"]
[Round "5"]
[White "Skvortsov, Sergey"]
[Black "Pankova, Julia"]
[Result "1-0"]
[WhiteElo "1934"]
[BlackElo "1655"]
[PlyCount "83"]
[EventDate "2014.10.18"]
[EventType "swiss"]
[EventRounds "9"]
[EventCountry "RUS"]
[SourceTitle "OM OTB B 201907"]
[Source "Opening Master"]
[SourceDate "2019.07.06"]
[SourceVersion "2"]
[SourceVersionDate "2019.07.06"]
[SourceQuality "1"]

1. e4 c5 2. Nf3 d6 3. d4 cxd4 4. Nxd4 Nf6 5. Nc3 Nc6 6. Be2 e5 7. Nb3 Be7 8.
Bg5 O-O 9. Qd2 a6 10. Rd1 Be6 11. O-O a5 12. Bxf6 Bxf6 13. Qxd6 Qxd6 14. Rxd6
Be7 15. Rd2 a4 16. Nc1 Nd4 17. Nd5 Bxd5 18. exd5 Bg5 19. f4 Bxf4 20. Rxf4 Nxe2+
21. Nxe2 exf4 22. Nxf4 Rad8 23. Kf2 Rfe8 24. Rd4 b5 25. b3 axb3 26. axb3 Kf8
27. c4 bxc4 28. bxc4 Ke7 29. c5 Kf6 30. d6 Ke5 31. Ke3 Kf5+ 32. Kd3 Re1 33. g3
Rd1+ 34. Kc4 Rxd4+ 35. Kxd4 g5 36. Kd5 gxf4 37. gxf4 Ra8 38. d7 Kxf4 39. c6 f5
40. c7 Ra5+ 41. Ke6 Ke3 42. c8=Q 1-0

[Event "FICS rated standard game"]
[Site "FICS freechess.org"]
[Date "2014.10.21"]
[Round "?"]
[White "mMtT"]
[Black "GriffyJr"]
[Result "0-1"]
[WhiteElo "2027"]
[BlackElo "2151"]
[PlyCount "124"]
[EventDate "2014.??.??"]

1. e4 c5 2. Nf3 d6 3. d4 cxd4 4. Nxd4 Nf6 5. Nc3 Nc6 6. Be2 e5 7. Nb3 Be6 8.
O-O Be7 9. Bf3 h6 10. Be3 O-O 11. Qd2 Qc7 12. Rfd1 Bc4 13. Be2 Bxe2 14. Qxe2 a6
15. a3 Rac8 16. Rac1 Kh8 17. f3 Rg8 18. Nd2 Na5 19. Na4 d5 20. Bb6 Qd7 21. Nc3
Nc6 22. exd5 Nxd5 23. Nxd5 Qxd5 24. Ne4 Nd4 25. Bxd4 exd4 26. c3 Rc4 27. cxd4
Rxc1 28. Rxc1 Qxd4+ 29. Kh1 Rd8 30. h3 Qe5 31. Qc4 Qxb2 32. Qc7 Qxa3 33. Rb1 b5
34. Qe5 Rc8 35. Kh2 f6 36. Qe6 Rc2 37. Rf1 Re2 38. Qc8+ Kh7 39. Qf5+ Kg8 40.
Qe6+ Kf8 41. Qc8+ Kf7 42. Qd7 Qb2 43. Rg1 g6 44. Qd5+ Kg7 45. Nd6 Bxd6+ 46.
Qxd6 Qe5+ 47. Qxe5 Rxe5 48. Ra1 Re6 49. Kg3 b4 50. Kf4 b3 51. Rb1 g5+ 52. Kf5
Re5+ 53. Kg4 Rb5 54. h4 b2 55. hxg5 hxg5 56. f4 Rb4 57. g3 gxf4 58. gxf4 Kg6
59. Kf3 Kf5 60. Ke3 a5 61. Kd3 Kxf4 62. Kc3 Ke3 0-1

[Event "Novokuznetsk Kustov op"]
[Site "Novokuznetsk"]
[Date "2014.10.19"]
[Round "7"]
[White "Lyashenko, Anna"]
[Black "Grachev, Alexey"]
[Result "0-1"]
[WhiteElo "2063"]
[BlackElo "2065"]
[PlyCount "90"]
[EventDate "2014.09.28"]
[EventType "swiss"]
[EventRounds "9"]
[EventCountry "RUS"]
[SourceTitle "OM OTB B 201907"]
[Source "Opening Master"]
[SourceDate "2019.07.06"]
[SourceVersion "2"]
[SourceVersionDate "2019.07.06"]
[SourceQuality "1"]

1. e4 c5 2. Nf3 Nc6 3. d4 cxd4 4. Nxd4 Nf6 5. Nc3 d6 6. Be2 e5 7. Nb3 Be7 8.
Be3 O-O 9. f3 a5 10. Na4 Be6 11. Nb6 Rb8 12. c4 Nd7 13. Nd5 Bh4+ 14. g3 Be7 15.
Nxe7+ Qxe7 16. O-O Nc5 17. Nd2 f5 18. exf5 Bxf5 19. Ne4 Nxe4 20. Qd5+ Kh8 21.
fxe4 Nb4 22. Qxa5 Nc2 23. Qd2 Bxe4 24. Rac1 Nxe3 25. Qxe3 Bc6 26. b4 d5 27.
cxd5 Bxd5 28. a3 Qe6 29. Rfd1 Rbd8 30. g4 Bc6 31. Rxd8 Rxd8 32. b5 Bd5 33. a4
b6 34. Bf3 Bxf3 35. Qxf3 e4 36. Re1 Re8 37. Qf4 e3 38. h3 e2 39. Qf3 Kg8 40.
Qd3 h6 41. Kf2 Qf6+ 42. Kg2 Qe5 43. Qb3+ Kh8 44. Qc4 Qe3 45. Qc6 Rf8 0-1

[Event "American Continental 10th"]
[Site "Praia da Pipa"]
[Date "2014.10.19"]
[Round "2"]
[White "Alonso, Salvador"]
[Black "Andrade, Roberto Luiz Costa"]
[Result "1-0"]
[WhiteElo "2505"]
[BlackElo "2200"]
[PlyCount "147"]
[EventDate "2014.10.18"]
[EventType "swiss"]
[EventRounds "11"]
[EventCountry "BRA"]
[SourceTitle "OM OTB B 201907"]
[Source "Opening Master"]
[SourceDate "2019.07.06"]
[SourceVersion "2"]
[SourceVersionDate "2019.07.06"]
[SourceQuality "1"]

1. e4 c5 2. Nf3 Nc6 3. Nc3 Nf6 4. d4 cxd4 5. Nxd4 d6 6. Be2 e5 7. Nf3 Be7 8.
O-O O-O 9. h3 h6 10. Re1 Be6 11. Bf1 Re8 12. Nd5 Bf8 13. c4 Rb8 14. a3 Rc8 15.
b4 g6 16. Bd3 Bg7 17. Be3 Nh5 18. Rc1 b6 19. c5 bxc5 20. bxc5 dxc5 21. Ba6 Rb8
22. Rxc5 Na5 23. Nc7 Nb3 24. Rc3 Qxd1 25. Rxd1 Re7 26. Nxe6 Rxe6 27. Bc4 Nd4
28. Rcc1 Nxf3+ 29. gxf3 Re7 30. Bc5 Reb7 31. Bd5 Rc7 32. Bd6 Rxc1 33. Rxc1 Rd8
34. Bc5 Nf4 35. Bc4 Bf8 36. Be3 Nxh3+ 37. Kf1 Rd7 38. Bb5 Rb7 39. a4 Nf4 40.
Rc8 Kg7 41. Ra8 Ne6 42. Rxa7 Rxa7 43. Bxa7 Nd4 44. Bc4 Bb4 45. Bb6 Nc6 46. Bd5
Na5 47. Bc7 f6 48. f4 exf4 49. Bxf4 g5 50. Bc7 Kg6 51. Ke2 g4 52. f3 gxf3+ 53.
Kxf3 h5 54. Bf4 Bc5 55. Kg3 Bb4 56. Kh3 Bc3 57. Bg3 Bb4 58. Bh4 Bc3 59. Kg2 f5
60. Kf3 fxe4+ 61. Kxe4 Bd2 62. Ke5 Bb4 63. Ke6 Bc3 64. Bd8 Be1 65. Kd6 Bb4+ 66.
Kc7 Kf5 67. Kb6 Be1 68. Bc7 h4 69. Kb5 h3 70. Bxa5 Bf2 71. Bc3 h2 72. a5 Kf4
73. a6 Ba7 74. Kc6 1-0

[Event "Hradec Kralove op"]
[Site "Hradec Kralove"]
[Date "2014.10.19"]
[Round "2"]
[White "Liduch, Filip"]
[Black "Grela, Kacper"]
[Result "0-1"]
[WhiteElo "1869"]
[BlackElo "2063"]
[PlyCount "68"]
[EventDate "2014.10.18"]
[EventType "swiss"]
[EventRounds "9"]
[EventCountry "CZE"]
[SourceTitle "OM OTB B 201907"]
[Source "Opening Master"]
[SourceDate "2019.07.06"]
[SourceVersion "2"]
[SourceVersionDate "2019.07.06"]
[SourceQuality "1"]

1. e4 c5 2. Nf3 Nc6 3. d4 cxd4 4. Nxd4 Nf6 5. Nc3 d6 6. Be2 e5 7. Nb3 Be7 8.
O-O O-O 9. Be3 a5 10. a4 Be6 11. f4 exf4 12. Bxf4 Ne5 13. Kh1 Rc8 14. Nd4 Nc4
15. Nxe6 fxe6 16. Bxc4 Rxc4 17. e5 dxe5 18. Bxe5 Qxd1 19. Raxd1 Rfc8 20. Rd4
Rb4 21. Rb1 Ng4 22. Na2 Nxe5 23. Nxb4 axb4 24. Re4 Nc4 25. Rxe6 Bf6 26. c3 b3
27. Re2 Ra8 28. Rd1 Rxa4 29. g3 h6 30. Rd7 b6 31. Rc7 Bxc3 32. Rxc4 Rxc4 33.
bxc3 Rxc3 34. Rb2 Rc1+ 0-1

[Event "Chigorin Memorial 22nd"]
[Site "St Petersburg"]
[Date "2014.10.18"]
[Round "1"]
[White "Lintchevski, Daniil"]
[Black "Korchagina, Victoria"]
[Result "1-0"]
[WhiteElo "2555"]
[BlackElo "2124"]
[PlyCount "129"]
[EventDate "2014.10.18"]
[EventType "swiss"]
[EventRounds "9"]
[EventCountry "RUS"]
[SourceTitle "OM OTB B 201907"]
[Source "Opening Master"]
[SourceDate "2019.07.06"]
[SourceVersion "2"]
[SourceVersionDate "2019.07.06"]
[SourceQuality "1"]

1. e4 c5 2. Nf3 Nc6 3. d4 cxd4 4. Nxd4 Nf6 5. Nc3 d6 6. Be2 e5 7. Nf3 h6 8. O-O
Be7 9. Re1 Be6 10. Bf1 O-O 11. Nd5 Bxd5 12. exd5 Nb8 13. c4 Nbd7 14. b3 Ne8 15.
Bb2 f5 16. b4 b6 17. Nd2 Rf7 18. Nb3 Rc8 19. Rc1 Bf8 20. Qh5 Nef6 21. Qh3 Ne4
22. Qe3 Be7 23. Qe2 a5 24. f3 Ng5 25. a3 Nf6 26. c5 bxc5 27. Nxa5 cxb4 28. Rxc8
Qxc8 29. axb4 Nxd5 30. Qb5 Qa8 31. Nc6 Nc7 32. Qb6 Bf6 33. Bc4 Nge6 34. Bb3 Kh8
35. Rd1 Qf8 36. Qe3 Bg5 37. Qd3 Qe8 38. Qxd6 e4 39. Ne5 Re7 40. g3 f4 41. fxe4
fxg3 42. hxg3 Qh5 43. Qd3 Bf6 44. Nc6 Rf7 45. Bxf6 Rxf6 46. Rf1 Rxf1+ 47. Kxf1
Qh1+ 48. Ke2 Qc1 49. Bc2 Nb5 50. e5 g6 51. Kf2 Na3 52. Bb3 Qxc6 53. Qxg6 Qb6+
54. Kf1 Qa6+ 55. Kg1 Qb6+ 56. Kh1 Qc6+ 57. Kh2 Nc4 58. Qxh6+ Kg8 59. b5 Qd5 60.
b6 Nc5 61. Qg5+ Kh8 62. Qh4+ Kg7 63. Qg4+ Kf8 64. Qf4+ Kg7 65. Bxc4 1-0

[Event "USA tt"]
[Site "ICC INT"]
[Date "2014.10.15"]
[Round "8"]
[White "Harmon Vellotti, Luke"]
[Black "Ginsburg, Mark"]
[Result "1-0"]
[WhiteElo "2409"]
[BlackElo "2358"]
[PlyCount "111"]
[EventDate "2014.08.26"]
[EventType "team-tourn"]
[EventRounds "10"]
[EventCountry "USA"]
[SourceTitle "OM OTB B 201907"]
[Source "Opening Master"]
[SourceDate "2019.07.06"]
[SourceVersion "2"]
[SourceVersionDate "2019.07.06"]
[SourceQuality "1"]

1. e4 c5 2. Nf3 d6 3. d4 cxd4 4. Nxd4 Nf6 5. Nc3 Nc6 6. Be2 e5 7. Nf3 h6 8. O-O
Be7 9. h3 O-O 10. Re1 Be6 11. Bf1 Re8 12. Nd5 Bf8 13. c4 Nh7 14. Be3 Ne7 15. b4
Ng6 16. Qd2 Nf6 17. Qc2 Rc8 18. Rad1 Nxd5 19. exd5 Bd7 20. Qb3 Nh4 21. Nxh4
Qxh4 22. Qa3 a6 23. c5 f5 24. c6 bxc6 25. Bxa6 Rb8 26. dxc6 Bxc6 27. b5 Bd7 28.
Ba7 Rxb5 29. Bxb5 Bxb5 30. Rc1 Qa4 31. Qxa4 Bxa4 32. Rc4 Bb5 33. Rb4 Bd3 34. a4
e4 35. Rb7 Be7 36. Bd4 Kf7 37. a5 g5 38. Ra1 Ra8 39. Ra7 Rxa7 40. Bxa7 Bf6 41.
Ra3 Ba6 42. Rb3 Ke6 43. Rb6 Bc4 44. Bb8 Be5 45. a6 Bd5 46. a7 Kd7 47. Ra6 Ba8
48. Kf1 h5 49. Ra4 f4 50. Rc4 g4 51. Rc7+ Ke6 52. Rc8 f3 53. hxg4 hxg4 54. gxf3
gxf3 55. Bxd6 Bb7 56. Bxe5 1-0

[Event "Koge Xtracon op"]
[Site "Koge"]
[Date "2014.10.15"]
[Round "6"]
[White "Nielsen, Jorgen Lovgren"]
[Black "Baklan, Vladimir"]
[Result "0-1"]
[WhiteElo "2111"]
[BlackElo "2656"]
[PlyCount "92"]
[EventDate "2014.10.11"]
[EventType "swiss"]
[EventRounds "9"]
[EventCountry "DEN"]
[SourceTitle "OM OTB B 201907"]
[Source "Opening Master"]
[SourceDate "2019.07.06"]
[SourceVersion "2"]
[SourceVersionDate "2019.07.06"]
[SourceQuality "1"]

1. e4 c5 2. Nf3 Nc6 3. d4 cxd4 4. Nxd4 Nf6 5. Nc3 d6 6. Be2 e5 7. Nb3 Be7 8.
O-O O-O 9. Be3 a5 10. a4 Nb4 11. f4 b6 12. Bf3 Be6 13. Qe2 Rc8 14. Rfd1 Qc7 15.
Qf2 Qb8 16. Rd2 Nxc2 17. Rxc2 Bxb3 18. Rcc1 Bd8 19. Nb5 Rxc1+ 20. Bxc1 Nd7 21.
Be3 Nc5 22. fxe5 dxe5 23. Bxc5 bxc5 24. Bd1 Be6 25. Bc2 c4 26. Qe1 Bd7 27. Qc3
Bxb5 28. axb5 Qxb5 29. Ba4 Qb4 30. Qxb4 axb4 31. Bc6 Bb6+ 32. Kf1 Bd4 33. Rc1
c3 34. bxc3 bxc3 35. Ke2 Rb8 36. Kd3 Rb2 37. Rc2 Rb1 38. Bd5 g6 39. Ra2 Kg7 40.
Kc2 Rh1 41. h3 Rg1 42. Kd3 f6 43. Be6 Kh6 44. Bg8 Rb1 45. Re2 Kg5 46. Bxh7 Rb8
0-1

[Event "Bogota University op 8th"]
[Site "Bogota"]
[Date "2014.10.13"]
[Round "9"]
[White "Hernandez Moya, Yuleisis"]
[Black "Martinez Romero, Martin"]
[Result "1/2-1/2"]
[WhiteElo "2248"]
[BlackElo "2408"]
[PlyCount "63"]
[EventDate "2014.10.09"]
[EventType "swiss"]
[EventRounds "9"]
[EventCountry "COL"]
[SourceTitle "OM OTB B 201907"]
[Source "Opening Master"]
[SourceDate "2019.07.06"]
[SourceVersion "2"]
[SourceVersionDate "2019.07.06"]
[SourceQuality "1"]

1. e4 c5 2. Nf3 d6 3. d4 cxd4 4. Nxd4 Nf6 5. Nc3 Nc6 6. Be2 e5 7. Nb3 Be7 8.
O-O O-O 9. Bf3 a5 10. a4 Nb4 11. Re1 h6 12. Nd2 Be6 13. Nf1 Rc8 14. Ne3 Qd7 15.
Ncd5 Bxd5 16. exd5 Nh7 17. c3 Na6 18. Be2 f5 19. Nc4 Bd8 20. f4 e4 21. Be3 Nf6
22. Nb6 Bxb6 23. Bxb6 Nc7 24. c4 Ra8 25. Qd2 Na6 26. Ra3 Nc5 27. b3 Ra6 28.
Bxa5 e3 29. Qb4 Nfe4 30. Qb5 Qe7 31. Bb4 Raa8 32. Bd2 1/2-1/2

[Event "HUN-chT2 Maroczy 1415"]
[Site "Hungary"]
[Date "2014.10.12"]
[Round "1"]
[White "Lakat, Gyula"]
[Black "Czegledi, Barna Jr"]
[Result "0-1"]
[WhiteElo "1776"]
[BlackElo "2120"]
[PlyCount "94"]
[EventDate "2014.10.12"]
[EventType "team-tourn"]
[EventRounds "9"]
[EventCountry "HUN"]
[SourceTitle "OM OTB B 201907"]
[Source "Opening Master"]
[SourceDate "2019.07.06"]
[SourceVersion "2"]
[SourceVersionDate "2019.07.06"]
[SourceQuality "1"]

1. e4 c5 2. Nf3 Nc6 3. d4 cxd4 4. Nxd4 Nf6 5. Nc3 d6 6. Be2 e5 7. Nb3 Be7 8.
O-O O-O 9. Be3 a5 10. a4 Nb4 11. f4 exf4 12. Bxf4 Nd7 13. Nd5 Nxd5 14. Qxd5 Nc5
15. Nxc5 Qb6 16. Qb3 Qxc5+ 17. Be3 Qc6 18. Qc4 Be6 19. Qxc6 bxc6 20. b3 Bf6 21.
Rad1 Be5 22. Bf3 Rfb8 23. Bd4 c5 24. Bxe5 dxe5 25. Be2 Rb4 26. Bb5 c4 27. Bc6
Rc8 28. Bd5 Bxd5 29. Rxd5 cxb3 30. cxb3 f6 31. Rxa5 Rxb3 32. Ra7 Rb2 33. Rd1 h6
34. Rad7 Rcc2 35. a5 Rxg2+ 36. Kh1 Rxh2+ 37. Kg1 Rbg2+ 38. Kf1 Rf2+ 39. Kg1
Rfg2+ 40. Kf1 Rf2+ 41. Kg1 Rfg2+ 42. Kf1 Rg3 43. a6 Rh1+ 44. Ke2 Rg2+ 45. Kf3
Rxd1 46. Rxd1 Ra2 47. Rd6 h5 0-1

[Event "SLO-chT1 East"]
[Site "Celje"]
[Date "2014.10.11"]
[Round "3"]
[White "Povse, Martin"]
[Black "Martinovic, Sasa"]
[Result "0-1"]
[WhiteElo "2081"]
[BlackElo "2536"]
[PlyCount "52"]
[EventDate "2014.10.09"]
[EventType "team-tourn"]
[EventRounds "9"]
[EventCountry "SLO"]
[SourceTitle "OM OTB B 201907"]
[Source "Opening Master"]
[SourceDate "2019.07.06"]
[SourceVersion "2"]
[SourceVersionDate "2019.07.06"]
[SourceQuality "1"]
[WhiteTeam "Milan Majcen Sevnica"]
[BlackTeam "Velenje Veplas"]
[WhiteTeamCountry "SLO"]
[BlackTeamCountry "SLO"]

1. e4 c5 2. Nf3 Nc6 3. d4 cxd4 4. Nxd4 Nf6 5. Nc3 d6 6. Be2 e5 7. Nb3 Be7 8.
Be3 O-O 9. g4 Be6 10. g5 Nd7 11. Qd2 a5 12. Nd5 a4 13. Nc1 Nc5 14. f3 f5 15.
gxf6 Bxf6 16. c3 Bh4+ 17. Kd1 Ne7 18. Nb4 Qc7 19. Ncd3 Rfd8 20. Rg1 b6 21. Bg5
Bxg5 22. Qxg5 Ng6 23. Kc2 a3 24. b3 Rac8 25. Rac1 Nxb3 26. axb3 Qxc3+ 0-1

[Event "Krasnodar Region-ch (Women)"]
[Site "Krasnodar"]
[Date "2014.10.10"]
[Round "8"]
[White "Bronnikova, Elizaveta"]
[Black "Zlydneva, Daria"]
[Result "1-0"]
[WhiteElo "2265"]
[BlackElo "1837"]
[PlyCount "81"]
[EventDate "2014.10.03"]
[EventType "swiss"]
[EventRounds "9"]
[EventCountry "RUS"]
[SourceTitle "OM OTB B 201907"]
[Source "Opening Master"]
[SourceDate "2019.07.06"]
[SourceVersion "2"]
[SourceVersionDate "2019.07.06"]
[SourceQuality "1"]

1. e4 c5 2. Nf3 Nc6 3. d4 cxd4 4. Nxd4 Nf6 5. Nc3 d6 6. Be2 e5 7. Nf3 h6 8. O-O
Be6 9. Re1 Be7 10. Bf1 O-O 11. Nd5 Bg4 12. h3 Nxd5 13. exd5 Bxf3 14. Qxf3 Nb8
15. c4 Nd7 16. Bd2 a5 17. b3 b6 18. a3 f5 19. Qd1 Nc5 20. Qc2 Bh4 21. g3 Bg5
22. Bxg5 Qxg5 23. b4 Ne4 24. Bg2 Nf6 25. c5 bxc5 26. bxc5 Rac8 27. c6 e4 28. h4
Qg4 29. Qd1 Qg6 30. Qd4 Rfe8 31. Rab1 f4 32. gxf4 Qf5 33. Rb7 Qxf4 34. Re3 Re5
35. Qa7 Nh5 36. Rb8 Rxb8 37. Qxb8+ Kh7 38. c7 Rf5 39. Qb2 Rf8 40. Qc2 Rc8 41.
Bh3 1-0

[Event "Benimodo op 9th"]
[Site "Benimodo"]
[Date "2014.10.10"]
[Round "4"]
[White "Valentin Pascual, Cesar Emilio"]
[Black "Reig Albero, Ferran"]
[Result "0-1"]
[WhiteElo "2065"]
[BlackElo "2059"]
[PlyCount "157"]
[EventDate "2014.10.09"]
[EventType "swiss"]
[EventRounds "7"]
[EventCountry "ESP"]
[SourceTitle "OM OTB B 201907"]
[Source "Opening Master"]
[SourceDate "2019.07.06"]
[SourceVersion "2"]
[SourceVersionDate "2019.07.06"]
[SourceQuality "1"]

1. e4 c5 2. Nf3 d6 3. d4 cxd4 4. Nxd4 Nf6 5. Nc3 Nc6 6. Be2 e5 7. Ndb5 a6 8.
Na3 b5 9. Nd5 Nxd5 10. exd5 Ne7 11. c4 bxc4 12. Nxc4 Nf5 13. Bd2 Bd7 14. Ba5
Qe7 15. Nb6 Ra7 16. Rc1 f6 17. Nc8 Bxc8 18. Rxc8+ Kf7 19. Qc1 g6 20. Bb6 Bh6
21. Qc3 Rxc8 22. Qxc8 Rb7 23. Bd8 Qd7 24. Qxd7+ Rxd7 25. Ba5 Nd4 26. b4 Ra7 27.
Bd3 e4 28. Bb6 Rb7 29. Bxd4 exd3 30. a3 Re7+ 31. Be3 Bxe3 32. fxe3 Rxe3+ 33.
Kd2 Re2+ 34. Kxd3 Rxg2 35. a4 Ra2 36. a5 f5 37. h4 Rb2 38. Kc3 Re2 39. Kb3 f4
40. Rf1 Re4 41. b5 axb5 42. a6 Ra4 43. a7 Rxa7 44. Rxf4+ Kg7 45. Re4 Kf6 46.
Re6+ Kf5 47. Kb4 Ra4+ 48. Kxb5 Rxh4 49. Rxd6 Ke5 50. Rd8 Rh1 51. d6 Ke6 52. Kc5
Rc1+ 53. Kd4 h5 54. Ke4 Rc6 55. Rg8 Rc4+ 56. Kf3 Rg4 57. Rd8 Rd4 58. Rg8 Kf7
59. Rd8 g5 60. Ke3 Rd1 61. d7 Ke7 62. Rg8 g4 63. Rg7+ Kd8 64. Rh7 Rh1 65. Kf4
Rf1+ 66. Ke5 g3 67. Kd6 Rd1+ 68. Kc6 g2 69. Rh8+ Ke7 70. Rg8 Rd6+ 71. Kc5 Rxd7
72. Rxg2 Kf6 73. Rg8 Kf5 74. Kc4 Kf4 75. Kc3 h4 76. Rh8 Kg3 77. Rg8+ Kh2 78.
Rh8 h3 79. Kc2 0-1

[Event "9th Obert Internacional Benimodo Grupo "]
[Site "?"]
[Date "2014.10.10"]
[Round "?"]
[White "Rubio Tent, Pedro"]
[Black "Roca Cruz, Rafael"]
[Result "0-1"]
[WhiteElo "1599"]
[BlackElo "1945"]
[PlyCount "38"]
[EventDate "2014.??.??"]
[SourceTitle "OM OTB B 201907"]
[Source "Opening Master"]
[SourceDate "2019.07.06"]
[SourceVersion "2"]
[SourceVersionDate "2019.07.06"]
[SourceQuality "1"]

1. e4 c5 2. Nf3 Nc6 3. d4 cxd4 4. Nxd4 Nf6 5. Nc3 d6 6. Be2 e5 7. Nb3 h6 8. O-O
Be7 9. Be3 O-O 10. Qd2 Be6 11. Rad1 Rc8 12. Rfe1 a6 13. Qc1 Na5 14. Nc5 Bc4 15.
N5a4 Bxe2 16. Rxe2 Nc4 17. Rd3 b5 18. Nc5 Nxe3 19. Qxe3 Rxc5 0-1

[Event "POL-UKR U26"]
[Site "Katowice"]
[Date "2014.10.08"]
[Round "2.18"]
[White "Antoshkiv, Anastasiya"]
[Black "Leks, Hanna"]
[Result "1/2-1/2"]
[WhiteElo "1827"]
[BlackElo "2198"]
[PlyCount "63"]
[EventDate "2014.10.08"]
[EventType "team-match"]
[EventRounds "4"]
[EventCountry "POL"]
[SourceTitle "OM OTB B 201907"]
[Source "Opening Master"]
[SourceDate "2019.07.06"]
[SourceVersion "2"]
[SourceVersionDate "2019.07.06"]
[SourceQuality "1"]

1. e4 c5 2. Nf3 d6 3. d4 cxd4 4. Nxd4 Nf6 5. Nc3 Nc6 6. Be2 e5 7. Nb3 Be7 8.
Bg5 Be6 9. Bxf6 Bxf6 10. Nd5 O-O 11. O-O Bxd5 12. Qxd5 Qc7 13. c3 Bg5 14. Bg4
Rad8 15. Qd3 Ne7 16. c4 g6 17. Rad1 a5 18. Na1 Kh8 19. Nc2 f5 20. Bf3 Nc6 21.
b3 Qe7 22. Qc3 f4 23. Rd5 b6 24. Rfd1 Bf6 25. Qd2 Nd4 26. Nxd4 exd4 27. Rxd4
Bxd4 28. Qxd4+ Qe5 29. Qxb6 Qc5 30. Qxc5 dxc5 31. Rd5 Rc8 32. Kf1 1/2-1/2